000 00319nam a2200121Ia 4500
008 220204s9999 xx 000 0 und d
082 _a681.3(03)
_bRAL
245 0 _aEncyclopaedia of computer science
260 _aNew York
_bVan Nostrand
_c1976
650 _aComputer science
700 _aRalston, Anthony
942 _cBK
999 _c36050
_d36050